Skills in English. (Record no. 4748)
[ view plain ]
| 000 -LEADER | |
|---|---|
| fixed length control field | 01454nam a22004095a 4500 |
| 003 - CONTROL NUMBER IDENTIFIER | |
| control field | EG-ScBUE |
| 005 - DATE AND TIME OF LATEST TRANSACTION | |
| control field | 20191224095408.0 |
| 008 - FIXED-LENGTH DATA ELEMENTS--GENERAL INFORMATION | |
| fixed length control field | 101031r20052004enka f 000 0 eng d |
| 020 ## - INTERNATIONAL STANDARD BOOK NUMBER | |
| International Standard Book Number | 1859647871 (volume 2) |
| 020 ## - INTERNATIONAL STANDARD BOOK NUMBER | |
| International Standard Book Number | 9781859647875 (volume 2) |
| 020 ## - INTERNATIONAL STANDARD BOOK NUMBER | |
| International Standard Book Number | 1859647979 (volume 3) |
| 020 ## - INTERNATIONAL STANDARD BOOK NUMBER | |
| International Standard Book Number | 9781859647974 (volume 3) |
| 020 ## - INTERNATIONAL STANDARD BOOK NUMBER | |
| International Standard Book Number | 1859647774 (volume 1) |
| 020 ## - INTERNATIONAL STANDARD BOOK NUMBER | |
| International Standard Book Number | 9781859647776 (volume 1) |
| 040 ## - CATALOGING SOURCE | |
| Original cataloging agency | EG-ScBUE |
| Language of cataloging | eng |
| Description conventions | rda |
| Transcribing agency | EG-ScBUE |
| Modifying agency | EG-ScBUE |
| 082 04 - DEWEY DECIMAL CLASSIFICATION NUMBER | |
| Classification number | 428.34 |
| Item number | PHI |
| Edition number | 22 |
| 100 1# - MAIN ENTRY--PERSONAL NAME | |
| Personal name | Phillips, Terry, |
| Dates associated with a name | 1949- |
| Relator term | author. |
| 9 (RLIN) | 3250 |
| 245 10 - TITLE STATEMENT | |
| Title | Skills in English. |
| Name of part/section of a work | Writing. |
| -- | Teacher's book / |
| Statement of responsibility, etc | Terry Phillips, Anna Phillips. |
| 246 30 - VARYING FORM OF TITLE | |
| Title proper/short title | Writing |
| 246 30 - VARYING FORM OF TITLE | |
| Title proper/short title | Teacher's book |
| 250 ## - EDITION STATEMENT | |
| Edition statement | Second edition. |
| 250 ## - EDITION STATEMENT | |
| Edition statement | Reprint edition. |
| 264 #1 - PUBLICATION, DISTRIBUTION, ETC. (IMPRINT) | |
| Place of publication, distribution, etc | Reading, U.K. : |
| Name of publisher, distributor, etc | Garnet Education, |
| Date of publication, distribution, etc | 2005. |
| 300 ## - PHYSICAL DESCRIPTION | |
| Extent | 3 volumes : |
| Other physical details | color illustrations ; |
| Dimensions | 25 cm |
| 336 ## - CONTENT TYPE | |
| Source | rdacontent |
| Content type term | text |
| Content type code | txt |
| 337 ## - MEDIA TYPE | |
| Source | rdamedia |
| Media type term | unmediated |
| Media type code | n |
| 338 ## - CARRIER TYPE | |
| Source | rdacarrier |
| Carrier type term | volume |
| Carrier type code | nc |
| 505 0# - FORMATTED CONTENTS NOTE | |
| Formatted contents note | Level 1 -- Level 2 -- Level 3. |
| 520 ## - SUMMARY, ETC. | |
| Summary, etc | Preparing students for entry into colleges and universities. |
| 650 #7 - SUBJECT ADDED ENTRY--TOPICAL TERM | |
| Topical term or geographic name as entry element | English language |
| Form subdivision | Textbooks for foreign speakers. |
| Source of heading or term | BUEsh |
| 9 (RLIN) | 20739 |
| 650 #7 - SUBJECT ADDED ENTRY--TOPICAL TERM | |
| Topical term or geographic name as entry element | English language |
| General subdivision | Spoken English. |
| Source of heading or term | BUEsh |
| 9 (RLIN) | 36034 |
| 650 #7 - SUBJECT ADDED ENTRY--TOPICAL TERM | |
| Topical term or geographic name as entry element | English language |
| General subdivision | Writing. |
| Source of heading or term | BUEsh |
| 9 (RLIN) | 14479 |
| 653 ## - INDEX TERM--UNCONTROLLED | |
| Resource For college | Humanities: English |
| Arrived date list | January2019 |
| 655 ## - INDEX TERM--GENRE/FORM | |
| Form subdivision | Reading book |
| 700 1# - ADDED ENTRY--PERSONAL NAME | |
| Personal name | Phillips, Anna, |
| Dates associated with a name | 1954- |
| Relator term | author. |
| 9 (RLIN) | 20547 |
| 942 ## - ADDED ENTRY ELEMENTS (KOHA) | |
| Source of classification or shelving scheme | Dewey Decimal Classification |
| Koha item type | Book - Teacher Resource |
| Withdrawn status | Lost status | Source of classification or shelving scheme | Damaged status | Not for loan | Collection code | Home library | Current library | Shelving location | Date acquired | Source of acquisition | Total Checkouts | Full call number | Barcode | Date last seen | Koha item type | Public note | Date checked out | Price effective from | Materials specified (bound volume or other part) | Total Renewals |
|---|---|---|---|---|---|---|---|---|---|---|---|---|---|---|---|---|---|---|---|---|
| Dewey Decimal Classification | Baccah | Central Library | Central Library | Second Floor | 17/09/2007 | Purchase | 428.34 PHI | 000005544 | 15/07/2025 | Book - Teacher Resource | Level 2 | |||||||||
| Dewey Decimal Classification | Baccah | Central Library | Central Library | Second Floor | 31/10/2010 | Purchase | 428.34 PHI | 000005546 | 15/07/2025 | Book - Teacher Resource | Level 3 | |||||||||
| Dewey Decimal Classification | Alahram | Central Library | Central Library | Second Floor | 08/06/2011 | Purchase | 1 | 428.34 PHI | 000012205 | 15/07/2025 | Book - Teacher Resource | Level 1 | 18/02/2010 | 11/06/2008 | ||||||
| Dewey Decimal Classification | Baccah | Central Library | Central Library | Second Floor | 21/10/2010 | Purchase | 428.34 PHI | 000005547 | 15/07/2025 | Book - Teacher Resource | Level 1 | 21/10/2010 | ||||||||
| Dewey Decimal Classification | Baccah | Central Library | Central Library | Second Floor | 21/10/2010 | Purchase | 428.34 PHI | 000005548 | 15/07/2025 | Book - Teacher Resource | Level 1 | 21/10/2010 | ||||||||
| Dewey Decimal Classification | Baccah | Central Library | Central Library | Second Floor | 31/10/2010 | Purchase | 1 | 428.34 PHI | 000005543 | 15/07/2025 | Book - Teacher Resource | Level 2 | 31/10/2010 | |||||||
| Dewey Decimal Classification | Baccah | Central Library | Central Library | Second Floor | 31/10/2010 | Purchase | 428.34 PHI | 000022443 | 15/07/2025 | Book - Teacher Resource | Level 2 | |||||||||
| Dewey Decimal Classification | Baccah | Central Library | Central Library | Second Floor | 31/10/2010 | Purchase | 428.34 PHI | 000022444 | 15/07/2025 | Book - Teacher Resource | Level 2 | |||||||||
| Lost | Dewey Decimal Classification | Baccah | Central Library | Central Library | Second Floor | 31/10/2010 | Purchase | 428.34 PHI | 000005564 | 24/06/2013 | Book - Teacher Resource | Level 3 | Lost In Inventory_2015-8-23 | |||||||
| Dewey Decimal Classification | Baccah | Central Library | Central Library | Second Floor | 31/10/2010 | Purchase | 2 | 428.34 PHI | 000005545 | 15/07/2025 | Book - Teacher Resource | Level 3 | 08/02/2016 | 1 |